| 000 | 00723cam a2200229 4500 | ||
|---|---|---|---|
| 001 | M93866 | ||
| 008 | 090401t1998 xxu||||| |||| 00| 0 eng d | ||
| 035 | _a(Sirsi) u88463 | ||
| 041 | _aeng | ||
| 050 | _a333.0065 | ||
| 110 |
_aRoyal Institution of Chartered Surveyors _94900 |
||
| 245 | _aInformation for members of practice panels and groups 1998/99. | ||
| 260 |
_aLondon _bRICS _c1998 |
||
| 300 | _a(30)p. ; 30cm. | ||
| 350 | _a0 | ||
| 520 | _aProduced by the Professional Services Department. SUPERSEDED by 1999/2000 edition at E08998 | ||
| 650 | _aPANELS | ||
| 650 | _aPROFESSIONAL SERVICES DEPARTMENT | ||
| 690 | _aMANAGEMENT-BUSINESS MANAGEMENT-PROFESSIONAL PRACTICE | ||
| 942 | _n0 | ||
| 948 | _c14/09/1998 | ||
| 999 |
_c97353 _d97353 |
||